000 00689nam a2200253Ia 4500
003 OSt
005 20221005073109.0
006 a|||||r|||| 00| 0
007 ta
008 221004b |||||||| |||| 00| 0 eng d
024 _a20580
037 _cTextual
040 _aCRL
_cCRL
_beng
041 _2eng
_aeng
082 _aMY2k, N1 (R R)
100 _aThani Yograj Comp
_9607715
245 0 _aEncyclopaedia of athletics
260 _aNew Delhi
_bGian
_c1991
300 _a297p
_ccm.
650 _aINDUSTRIAL ARTS
700 _a Thani Lokesh Comp
942 _hMY2k, N1 (R R)
_cTEXL
_2cc
999 _c980557
_d980557